US Cities With Most Vietnamese-Americans - Statistics

General Stats
  • This quiz has been taken 90 times
  • The average score is 11 of 19
Answer Stats
Rank City State Amount % Correct
11 San Francisco California 14,000
95%
3 Houston Texas 38,000
93%
7 Los Angeles California 21,000
93%
13 New York City New York 13,000
93%
4 San Diego California 37,000
90%
1 San Jose California 106,000
86%
12 Portland Oregon 14,000
81%
17 Boston Massachusetts 11,000
80%
15 Seattle Washington 11,000
80%
9 Philadelphia Pennsylvania 16,000
79%
16 Oklahoma City Oklahoma 11,000
78%
8 Anaheim California 17,000
52%
6 Santa Ana California 24,000
40%
10 Arlington Texas 14,000
35%
2 Garden Grove California 52,000
20%
5 Westminster California 36,000
16%
14 Garland Texas 12,000
14%
18 Fountain Valley California 11,000
6%
19 Milpitas California 11,000
2%
No matching quizzes found
Score Distribution
Percent of People with Each Score
Percentile by Number Answered
Your Score History
You have not taken this quiz